000 01097nam0a22002411i 4500
001 rc\3426609
005 20240726022056.0
021 _aRU
_b[74-27367а]
035 _a(NLR Aleph) 007560179
090 _a5293610
_c5293610
100 _a20130115d1974 |||y0rusy50 ca
101 0 _arus
102 _aRU
105 _ay d |||||
200 1 _aИзменения тканевого метаболизма некоторых органов при шоке от сдавления мягких тканей с применением тизерцина, этирона и их сочетания
_e(Эксперим. исследование)
_eАвтореф. дис. на соиск. учен. степени канд. биол. наук
_e(14.00.16)
_fКишинев. гос. мед. ин-т
210 _aКишинев
_d1974
215 _a22 с.
320 _aСписок работ авт. в конце текста (7 назв.)
700 1 _aГрати
_bВ.Ф.
_gВера Федоровна
801 0 _aRU
_bNLR
_gpsbo
801 1 _aRU
_bELAR
_2rusmarc
852 _aNLR
_j74-4/35657
942 _cBOOK